Mes loisirs ou Essais de poësie en différens genres, traductions et imitations. (Запись № 12732046)

Подробности
000 -МАРКЕР
контрольное поле 02052nam0a2200433 4500
001 - ИДЕНТИФИКАТОР ЗАПИСИ
контрольное поле RU\NLR\BIBL_A\012653070
005 - ИДЕНТИФИКАТОР ВЕРСИИ
контрольное поле 20250624103445.0
035 ## - ДРУГИЕ СИСТЕМНЫЕ НОМЕРА
Идентификатор записи (NLR Aleph) 012653070
100 ## - ДАННЫЕ ОБЩЕЙ ОБРАБОТКИ
Данные общей обработки 20211129d1818 |||y0rusy50 ca
101 2# - ЯЗЫК РЕСУРСА
Язык текста, звукозаписи и т.д. французский
Язык оригинала немецкий
102 ## - СТРАНА ПУБЛИКАЦИИ ИЛИ ПРОИЗВОДСТВА
Страна публикации российская федерация
135 ## - ПОЛЕ КОДИРОВАННЫХ ДАННЫХ: ЭЛЕКТРОННЫЕ РЕСУРСЫ
Кодированные данные для электронного ресурса crcn 024anaba
140 ## - ПОЛЕ КОДИРОВАННЫХ ДАННЫХ: СТАРОПЕЧАТНЫЕ ИЗДАНИЯ - ОБЩАЯ ИНФОРМАЦИЯ
Кодированные данные о старопечатном издании - Основные f y |||||||| ya 1000
200 1# - ЗАГЛАВИЕ И СВЕДЕНИЯ ОБ ОТВЕТСТВЕННОСТИ
Основное заглавие Mes loisirs ou Essais de poësie en différens genres, traductions et imitations.
Первые сведения об ответственности Par P. de Bihl
210 ## - ПУБЛИКАЦИЯ, РАСПРОСТРАНЕНИЕ И ДР.
Место издания, распространения и т.д. St.-Pétersbourg [St.- Peterburg]
Имя издателя, распространителя и т. д. de l'imprimerie de Charles Kray
Дата издания, распространения и т.д. 1818
215 ## - ФИЗИЧЕСКАЯ ХАРАКТЕРИСТИКА
Специфическое обозначение материала и объем [5] с., с. VIII-X; [2], 136 с.
Размеры 8° (17 см)
307 ## - ПРИМЕЧАНИЯ, ОТНОСЯЩИЕСЯ К ФИЗИЧЕСКОМУ ОПИСАНИЮ
Текст примечания Виньетки
316 ## - ПРИМЕЧАНИЯ ОБ ОСОБЕННОСТЯХ ЭКЗЕМПЛЯРА
Текст примечания Экз. РНБ (6.64.6.40): Красный марокеновый пер. с золотым тиснением. Золотой обрез
Организация и экземпляр, к которому относится поле NLR: 6.64.6.40
325 ## - ПРИМЕЧАНИЕ О КОПИИ
Текст примечания Копия доступна в Электрон. б-ке РНБ
517 1# - ДРУГИЕ ВАРИАНТЫ ЗАГЛАВИЯ
Вариант заглавия Essais de poësie
540 1# - ДОПОЛНИТЕЛЬНОЕ ЗАГЛАВИЕ, ПРИМЕНЯЕМОЕ КАТАЛОГИЗАТОРОМ
Заглавие Мои досуги, или Поэтические опыты в различных жанрах, переводы и подражания
620 ## - МЕСТО И ДАТА ПУБЛИКАЦИИ, ИСПОЛНЕНИЯ И Т. Д.
Город St.- Peterburg
686 3# - ИНДЕКСЫ ДРУГИХ КЛАССИФИКАЦИЙ
Индекс Ш6(4Фр)52-5я44{Лх1646-175}
700 #1 - ИМЯ ЛИЦА - ПЕРВИЧНАЯ ОТВЕТСТВЕННОСТЬ
Начальный элемент ввода Bihl
Часть имени, кроме начального элемента ввода P. de
Код отношения Автор
702 #1 - ИМЯ ЛИЦА - ВТОРИЧНАЯ ОТВЕТСТВЕННОСТЬ
Код отношения Печатник (типограф)
Графика поля Латинская
Материалы, к которым относится поле ger
Начальный элемент ввода Kray
Часть имени, кроме начального элемента ввода K.
Дополнения к именам, кроме дат издатель
Даты 1773-1832
Расширение инициалов личного имени Karl
Системный номер авторитетной/нормативной записи 216530
Идентификатор авторитетной/нормативной записи RU\NLR\AUTH\770216586
852 ## - МЕСТОНАХОЖДЕНИЕ И ШИФР ХРАНЕНИЯ
Идентификатор организации NLR
Шифр хранения (Call Number) 6.64.6.40
942 ## - ДОПОЛНИТЕЛЬНЫЕ ЭЛЕМЕНТЫ ЗАПИСИ (АБИС)
Тип экземпляра АБИС Книга
980 ## - КОЛЛЕКЦИЯ
Название коллекции Национальная библиография
980 ## - КОЛЛЕКЦИЯ
Название коллекции Иностранная рекаталогизация: 17-19 век
981 41 - КОЛЛЕКЦИЯ ЭЛЕКТРОННОЙ БИБЛИОТЕКИ
Название коллекции Иностранный книжный фонд
981 33 - КОЛЛЕКЦИЯ ЭЛЕКТРОННОЙ БИБЛИОТЕКИ
Название коллекции Художественная литература
Название подколлекции Зарубежная литература
981 20 - КОЛЛЕКЦИЯ ЭЛЕКТРОННОЙ БИБЛИОТЕКИ
Название коллекции Книжные памятники РНБ
Название подколлекции Иностранная книга
Экземпляры
Тип экземпляра Дата поступления Библиотека постоянного хранения Библиотека текущего хранения Место хранения Штрих-код Статус не для выдачи
Книга 23.03.2022 РНБ (Садовая) РНБ (Садовая) Иностранный книжный фонд, главное здание (Садовая) ERR-237059